Responses for Show #654 - Thursday, June 11, 1987

Jonathan Fellows game 4.

Contestants

[<< previous game]

Stu Silverstein, an attorney and foreign affairs writer originally from Chicago, Illinois

Steve Smith, a linguist interpreter originally from Medway, Ohio

Jonathan Fellows, a legislative assistant originally from Bellevue, Washington (whose 3-day cash winnings total $29,001)

[next game >>]

Jeopardy! Round responses

PRESIDENTIAL NICKNAMES
CELEBRITY SCENTS
GOLDEN OLDIES
EDUCATION
GUINNESS RECORDS
COMPLETE THE QUOTE
    $100 1
Thomas Jefferson

Stu
    $100 23
(Steve: What is Krystle?)
...
(Alex: We've got less than a minute to go.)

Forever Krystle

Steve
Triple Stumper
    $100 18
his comb

Steve
    $100 13
a reader

Jonathan
    $100 7
an Easter egg hunt

Jonathan
    $100 6
a thousand ships

Stu
    $200 2
Martin Van Buren

Jonathan
    $200 24
(Jonathan: What is Forever Blake?)
[Laughter]
(Steve: What is Forever Krystle?)

Carrington

JonathanSteve
Triple Stumper
    $200 19
your collar

Stu
    $200 14
Germany

Jonathan
    $200 11
(Stu: What is a scorpion?)

a frog

Stu
Triple Stumper
    $200 8
Gunga Din

Jonathan
    $300 3
Harry Truman

Jonathan
    $300 25
chaps

Jonathan
    $300 20
I'm sorry

Steve
    $200 15
(Alex: Jonathan?)
...
(Alex: Sam Cooke singing "Wonderful World".)

history

Jonathan
    $300 26
(Jonathan: What is swimming?)

flying

JonathanStu
    $300 9
can you spare a dime

Jonathan
    $400 4
Theodore Roosevelt

Jonathan
    $400 28
[The end-of-round signal sounds.]

Michael Jackson

Stu
    $400 21
(Stu: What is what it takes?)

personality

Stu
Triple Stumper
    $400 16
Miss America

Stu
    $400 27
a sermon

Jonathan
    $400 10
live

Stu
    $500 5
Benjamin Harrison

Jonathan
    $500 22
"Ain't That A Shame"

Triple Stumper
    $500 17
Plato

Steve
    $500 12
(Alex: From one of Shakespeare's sonnets... [*].)

more temperate

Triple Stumper

Scores at the first commercial break (after clue 14):

Jonathan Steve Stu
$2,300 $0 $400

Scores at the end of the Jeopardy! Round:

Jonathan Steve Stu
$2,700 $600 $1,300

Double Jeopardy! Round responses

ANCIENT HISTORY
IN THE NEWS
DIRECTORS
PRO FOOTBALL
COUNTRIES OF THE WORLD
GODFATHERS
    $200 12
Egypt

Jonathan
    $200 18
cocaine

Steve
    $200 26
[Only Stu rang in and provided a correct response. Jonathan's score had $200 added in error, and the error was not corrected during the game.]

Miss Piggy

JonathanStu
    $200 2
the Rams

Steve
    $200 6
South Africa

Stu
    $200 7
1

Jonathan
    $400 13
(Stu: What are migraines?)

epileptic seizures

Stu
Triple Stumper
    $400 21
Marcos

Stu
    $400 19
Alfred Hitchcock

Steve
    $400 1
Cleveland

Stu
    $400 8
the USA

Jonathan
    $400 24
(Alex: We've got a minute to go.)

baptism

Jonathan
    $600 14
draconian

Stu
    $600 22
Vladimir Horowitz

Steve
    $600 20
in prison

Jonathan
    $600 3
Fran Tarkenton

Steve
    $600 9
Sweden

Stu
    $600 25
(Stu: Uh, who is Sammy Davis Jr.?)

William Holden

Stu
Triple Stumper
    $800 15
(Stu: [Shakes head])
(Alex: Can't think of it?)

a talent

Stu
    $800 17
Texas Air

Jonathan
    $800 23
David Byrne

Stu
    $800 4
holding

Steve
    $1,500 10
(Stu: Uh, Chile, Argentina, Uruguay, and Bolivia.)
(Alex: I'm sorry, Stu, I can't accept it; you didn't phrase it properly in the form of a question.)

(4 of) Peru, Argentina, Bolivia, Chile, Uruguay & Paraguay

Stu
    $800 29
Mountbatten

Stu
    $1000 27
Philip of Macedon

Stu
    $1000 16
Poet Laureate of the United States

Triple Stumper
    $1000 28
Mike Nichols

Stu
    $1000 5
(Stu: What is the 2 1/2?)

the 2 yard line

JonathanStu
    $1000 11
(Alex: That's right, in the Middle East.)

Qatar

Jonathan
    $1000 30
a sponsor

Jonathan

Scores at the end of the Double Jeopardy! Round:

Jonathan Steve Stu
$8,500 $3,400 $3,000
(lock game)

[wagering suggestions for these scores]

Final Jeopardy! Round responses

TOYS & GAMES
(Alex: [To Steve] I recently met Buffalo Bob and we chatted and he mentioned that fact to me.)
StuWho is Topo Gigio
$1,000
SteveWho was Howdy Doody?
$2,700
JonathanWho is Ku Howdy Doody?
$1,700
Howdy Doody

Final scores:

Jonathan Steve Stu
$10,200 $6,100 $2,000
4-day champion: $39,201 2nd place: trip on Eastern to the U.S. Virgin Islands & stay at the Frenchman's Reef in St. Thomas 3rd place: Daniel Mink his & hers watches

Game dynamics:

Coryat scores:

Jonathan Steve Stu
$8,600 $3,400 $5,300
22 R
(including 1 DD),
2 W
9 R,
2 W
17 R,
7 W
(including 2 DDs)

Combined Coryat: $17,300

[game clues] [game scores] [suggest correction]

Game tape date: 1987-01-20
The J! Archive is created by fans, for fans. Scraping, republication, monetization, and malicious use prohibited; this site may use cookies and collect identifying information. See terms. The Jeopardy! game show and all elements thereof, including but not limited to copyright and trademark thereto, are the property of Jeopardy Productions, Inc. and are protected under law. This website is not affiliated with, sponsored by, or operated by Jeopardy Productions, Inc. Join the discussion at JBoard.tv.